|
|
|
|
| LEADER |
00000nam a2200000Ia 4500 |
| 008 |
180713b2005 cr ||||| |||| 00| | spa d |
| 999 |
|
|
|c 2163
|d 2163
|
| 090 |
|
|
|a 14.02.05
|b 1178
|
| 110 |
|
|
|a Caja Costarricense del Seguro Social. Sección Salud del Niño y la Niña
|9 4058
|
| 245 |
1 |
0 |
|a Guía práctica para la alimentación del niño (a) /
|c Caja Costarricense del Seguro Social. Sección Salud del Niño y la Niña
|
| 260 |
|
|
|a San José, Costa Rica :
|b CCSS,
|c 2005
|
| 300 |
|
|
|a 15 páginas
|
| 650 |
1 |
4 |
|a MATERNIDAD
|9 2496
|
| 650 |
1 |
4 |
|a NIÑOS
|9 59
|
| 650 |
1 |
4 |
|a ALIMENTACIÓN
|9 1213
|
| 650 |
1 |
4 |
|a DESARROLLO MENTAL
|9 875
|
| 942 |
|
|
|i 001900 ,001904
|h 14.02.05 1178
|2 z
|c 01
|
| 942 |
|
|
|i 001900 ,001904
|h 14.02.05 1178
|2 z
|